LEADER 01270nam a2200301 u 4500 001 000000039701 003 CaOOAMICUS 005 20070226114023.0 008 980519s1995 it ab u000 u ita u 020 $a88-85979-65-3 035 $a10795143 040 $aBAV$bita 041 0 $aita$alat 100 1 $aSpedicato, Mario,$d1948-$0(OLS)http://pul/name/8760 245 10$aSancta infelix ecclesia :$bla diocesi di Vieste in età moderna (1555-1818) /$cMario Sperticato. 260 $aLecce :$bConte,$c1995. 300 $a207 p. :$bill., c.geogr. ;$c24 cm 490 1 $aBiblioteca di cultura meridionale ;$v7 504 $a"Fonti letterarie": p. 181-186. 651 4$aVieste$xStoria ecclesiastica.$0(OLS)http://pul/subject/18230 830 0$aBiblioteca di cultura meridionale ;$v7.$0(OLS)http://pul/title/53724 850 $aPUL 852 $aPUL$W1$xSL Filosofia 1$y2$m122 B 55$j54056$nBK-PRI$b $qStampati$B54056$CPULBib$Z2$F54056 $H $81 941 1 $a8 961 $aINV: 74662 996 $6020$a88-85979-65-3$9(OLS)http://pul/number/49395 996 $6245$aSancta infelix ecclesia :$bla diocesi di Vieste in età moderna (1555-1818)$9(OLS)http://pul/title/53723 996 $6260$aLecce :$bConte$9(OLS)http://pul/publisher/64122 LEADER 01297nam a2200301 a 4500 001 000000136142 003 CaOOAMICUS 005 20131113122738.0 008 131113s2012 ne u000 u eng r 020 $a978-94-007-3029-8 040 $aPUL$bita 082 04$a501 245 00$aProbabilities, laws, and structures /$cDennis Dieks ... [et al.]. 260 $aDordrecht :$bSpringer Science+Business Media ,$c©2012. 300 $axi, 512 p. ;$c24 cm 490 1 $aPhilosophy of science in a European perspective ;$v03 504 $aBibliografia in nota. 650 4$aFilosofia della scienza.$0(OLS)http://pul/subject/5136 700 1 $aDieks, Dennis.$0(OLS)http://pul/name/87642 830 0$aPhilosophy of science in a European perspective ;$v03.$0(OLS)http://pul/title/172153 850 $aPUL 852 $aPUL$W1$xSL Cons. Gen., Altre Classi 3$y75$m501 DIEDE 1$j156916$qDDC 21$B156322$CPULBib$Z2$F156322 $H123165 $82 941 1 $a9 996 $6020$a978-94-007-3029-8$9(OLS)http://pul/number/153900 996 $6082$a501$9(OLS)http://pul/classification/520 996 $6245$aProbabilities, laws, and structures$9(OLS)http://pul/title/172156 996 $6260$aDordrecht :$bSpringer Science+Business Media $9(OLS)http://pul/publisher/82165